E-government mieri do kancelárií

Podpora e-governmentu ako jeden zo základných cieľov Lisabonskej stratégie Európskej únie z roku 2000. Uplatnenie moderných informačných technológií vo verejnej správe. Zotrvačnosť a prirodzenný obranný mechanizmus v úradoch ako bariéra uplatnenia e-governmentu. Šetrenie financiami, časom a ľuďmi. S...

Descripción completa

Guardado en:
Detalles Bibliográficos
Autor principal: Žitňanský, Eduard
Formato: Capítulo de libro
Lenguaje:eslovaco
Materias:
Etiquetas: Agregar Etiqueta
Sin Etiquetas, Sea el primero en etiquetar este registro!

MARC

LEADER 00000naa$a2200000$$$4500
001 0051813
005 20231009072113.6
041 0 |a slo 
044 |a SK 
245 1 0 |a E-government mieri do kancelárií  |c Eduard Žitňanský 
520 |a Podpora e-governmentu ako jeden zo základných cieľov Lisabonskej stratégie Európskej únie z roku 2000. Uplatnenie moderných informačných technológií vo verejnej správe. Zotrvačnosť a prirodzenný obranný mechanizmus v úradoch ako bariéra uplatnenia e-governmentu. Šetrenie financiami, časom a ľuďmi. Súčasné vysoko konkurencieschopné krajiny medzi lídrami e-governmentu. Základné priority programu Informatizácia spoločnosti. Najviac financií určených na elektronizáciu verejnej správy a rozvoj elektronických služieb. Iniciatíva i2010 - Európska informačná spoločnosť. 
610 2 0 |a správa verejná elektronická 
610 2 0 |a technológie informačné 
610 2 0 |a technológie komunikačné 
610 2 0 |a internet 
610 2 0 |a informatizácia 
610 2 0 |a sektor verejný 
610 2 0 |a služby 
610 2 0 |a Európska únia 
610 2 0 |a Slovensko 
100 1 |a Žitňanský, Eduard